| 000 | 00683ngm a22002890a 4500 | ||
|---|---|---|---|
| 001 | PT41976 | ||
| 003 | AR-LpoUNG | ||
| 005 | 20210201232332.0 | ||
| 007 | co ||u|||uuuuu | ||
| 008 | 191001s2003||||ag |||||||||||||||||spa d | ||
| 037 | _c$7.50 | ||
| 040 |
_aAR-LpoUNG _bspa _cAR-LpoUNG _eaacr |
||
| 041 | _aspa | ||
| 044 | _aag | ||
| 082 | 0 | _a787.87 165gui | |
| 100 | 1 | _aSalinas, Luis | |
| 245 | 1 | 0 | _aSolo guitarra |
| 260 |
_aBuenos Aires : _bDBN, _c2003. |
||
| 300 | _a1 disco son. (72 min.) | ||
| 650 | 4 | _aARTE POPULAR | |
| 650 | 4 | _aFOLKLORE | |
| 650 | 4 | _aMUSICA | |
| 651 | 4 | _aDOCUMENTOS TEORICOS O METODOLOGICOS | |
| 653 | _aCD | ||
| 905 | _a41976 | ||
| 942 | _cCDDVD | ||
| 999 |
_c53412 _d53412 |
||